Giám đốc, kế toán trưởng doanh nghiệp và những qui định cần biết
Gespeichert in:
| Format: | Buch |
|---|---|
| Sprache: | Undetermined |
| Veröffentlicht: |
Hà Nội
Tài chính
2005
|
| Schlagworte: | |
| Tags: |
Tag hinzufügen
Keine Tags, Fügen Sie den ersten Tag hinzu!
|
| Thư viện lưu trữ: | Trung tâm Học liệu Trường Đại học Cần Thơ |
|---|
| LEADER | 00635nam a2200193Ia 4500 | ||
|---|---|---|---|
| 001 | CTU_88470 | ||
| 008 | 210402s9999 xx 000 0 und d | ||
| 020 | |c 220000 | ||
| 082 | |a 346.597066 | ||
| 082 | |b Gi104 | ||
| 245 | 0 | |a Giám đốc, kế toán trưởng doanh nghiệp và những qui định cần biết | |
| 245 | 0 | |c Quốc Cường, Hoàng Anh sưu tầm | |
| 260 | |a Hà Nội | ||
| 260 | |b Tài chính | ||
| 260 | |c 2005 | ||
| 650 | |a Vietnam,Management | ||
| 650 | |x Economic policy,Law and legislation | ||
| 904 | |i Truc,Hải | ||
| 980 | |a Trung tâm Học liệu Trường Đại học Cần Thơ | ||